000 00313nam a2200145 a 4500
003 DLC
005 20210219152717.0
035 _aUPN01000059413
245 0 0 _aART ET THERAPIE
260 _aFrancia :
_bCentre National des Lettres
310 _aSemestral
653 0 _aARTE
653 0 _aTERAPIA
905 _aRevista
999 _c59398
_d59398